000 00530nam a2200181Ia 4500
999 _c28939
_d28939
003 OSt
005 20210101143605.0
008 190216s9999||||xx |||||||||||||| ||und||
020 _a9788182642775
040 _coclc
082 _a894.8124
_bRAM/K
100 _aRamachandran, T K
_98087
245 0 _aKazhchayude Koyma /
_cT K Ramachandran
260 _bMathrubhumi Printing & Publishing,
_aKozhikode:
_c2006.
300 _a215p
650 _aPadanam
942 _cBK
_2ddc
_h894.8124
_iRAM/K
_k894.8124
_mRAM/K